| 000 | 01077cam a22002771i 4500 | ||
|---|---|---|---|
| 003 | SA-RiAUC | ||
| 005 | 20241230132114.0 | ||
| 008 | 241228s1997 su a f b 00000 ara c | ||
| 040 |
_aSA-RiAUC _bara _cSA-RiAUC _erda |
||
| 043 | _ama----- | ||
| 050 | 4 | _b.D55 1997 | |
| 082 | 0 | 4 |
_a576.5 _qSA-RiAUC |
| 090 |
_a576.5 _b ا ب ر |
||
| 100 | 1 |
_aإبراهيم، صبري الدمرداش _eمؤلف. |
|
| 245 | 1 | 2 |
_aالاستنساخ قنبلة العصر : _bأول كتاب من نوعه في العالم العربي / _cصبري الدمرداش. |
| 264 | 1 |
_aالرياض : _bمكتبة العبيكان، _c1997 |
|
| 300 |
_a138 صفحة : _bإيضاحيات ؛ _c24 سم |
||
| 336 |
_aنص _btxt _2rdacontent _3كتاب |
||
| 337 |
_aبدون وسيط _bn _2rdamedia |
||
| 338 |
_aمجلد _bnc _2rdacarrier |
||
| 504 | _aببليوجرافية : صفحة 133-137. | ||
| 650 | 7 |
_aالاستنساخ الجيني (أحياء) _2aucsh |
|
| 650 | 7 |
_aالهندسة الوراثية _2aucsh |
|
| 942 |
_2ddc _cBOOK _n0 |
||
| 949 |
_aSA-JeALM _d241228 _umohamedma123 _n1 |
||
| 999 |
_c4126 _d4126 |
||